Dopredné pretlačovanie a optimalizácia uhla prietlačnice : Bakalárska práca

Salvato in:
Dettagli Bibliografici
Autore principale: Auxt, Štefan (Autore)
Altri autori: Bílik, Jozef, 1961- (xxx)
Natura: Manoscritto Libro
Lingua:slovacco
Pubblicazione: Trnava : STU v Bratislave MtF KTv, 2005
Soggetti:
Tags: Aggiungi Tag
Nessun Tag, puoi essere il primo ad aggiungerne!!

MARC

LEADER 00000ntm a22000003a 4500
001 stu95752
005 20160719155303.7
008 050929s2005----xo------------------slo-d
040 |a STU  |b slo 
041 0 |a slo 
044 |a xo 
100 1 |a Auxt, Štefan  |4 aut 
245 1 |a Dopredné pretlačovanie a optimalizácia uhla prietlačnice :  |b Bakalárska práca 
260 |a Trnava :  |b STU v Bratislave MtF KTv,  |c 2005 
300 |a 66 s  |c príl., 1 CD 
650 7 |a technológie strojárskej výroby  |2 stusub 
650 7 |a tvárnenie  |2 stusub 
650 7 |a dopredné pretlačovanie  |2 stusub 
700 1 |a Bílik, Jozef,  |d 1961-  |4 xxx  |u M3000  |U MTF Materiálovotechnologická fakulta  |T MTF Ústav výrobných technológií  |X 1547  |U M3000  |Y 83  |7 A000001547 
996 |b 284M062753  |c M*BP-1071  |l MMSKP  |s P  |a 0  |w stu95752_0001